000
00272nam a2200109Ia 4500
008
220204s9999 xx 000 0 und d
082
_a
575
_b
ADV.41
245
0
_a
Advances in genetics. V 41
260
_a
San Diego
_b
Academic
_c
1999
700
_a
Hall, Jeffrey C
942
_c
BK
999
_c
41714
_d
41714